| 000 | 00746 a2200169 4500 | ||
|---|---|---|---|
| 003 | Nust | ||
| 005 | 20230329130129.0 | ||
| 008 | 230329b ||||| |||| 00| 0 eng d | ||
| 040 | _cNust | ||
| 082 | _a800,PAN | ||
| 100 |
_aGogol, Nikolai _9111563 |
||
| 245 |
_aEvenings near the village of Dikanka / _cNikolai Gogol, |
||
| 260 |
_aMoscow, _bForeign Languages Pub. House _c [1957] |
||
| 300 |
_a276 p. _b illus., _c port. _e21 cm |
||
| 505 | _aThe Fair at Sorochintsi (Page-17), Saint John Eva (Page-49), A May Night ,or The Drowned Maiden (Page-69), The Lost Letter (Page-106), Christmas Eva (Page-127), A Terrible Revenge (Page-184), Ivan Fyodorovich Shponka and his Aunt (Page-235), A Place Bewitched (Page-167). | ||
| 942 |
_2ddc _cBK _k800,PAN |
||
| 999 |
_c190881 _d190881 |
||